| 000 | 01103nam a2200217 i 4500 | ||
|---|---|---|---|
| 001 | 168031 | ||
| 003 | ES-MaACL | ||
| 005 | 20260201063019.0 | ||
| 008 | 960520q18801886fr a |||| | fre d | ||
| 040 |
_aCARM _bspa _cCCPB | SIC |
||
| 100 | 1 |
_aWurtz, Adolphe, _d1817-1884 _9159349 |
|
| 245 | 1 | 0 |
_aDictionnaire de chimie pure et appliquée _b: comprenant la chimie organique et inorganique, la chimie appliquée à l'industrie, à l'agriculture et aux arts, la chimie analytique, la chimie physique et la minéralogie : supplément / _cpar A.D. Wurtz ... ; avec la collaboration de P.T Cleve ... [et. al.]. |
| 260 |
_aParis : _bLibrairie Hachette et Cie, _c[s.a.] |
||
| 300 |
_a2 v. (848 ; 1712 p, [2] h. de lam. pleg.) : _bil. ; _c26 cm. |
||
| 505 | 8 | _aContiene: Supplément. Partie. A-F -- Supplément. Deuxième partie. G-Z | |
| 596 | 1 | _aCOPAC, 13/02/06, da como fecha probable para esta ed. 1880-1886. | |
| 650 | 4 |
_aQuímica- _vDiccionarios. _916626 |
|
| 700 | 1 |
_aCleve, P.T. ( _d1840-1905) _9126514 |
|
| 852 |
_aES-MaACL _jB-5247-48 _z-- Enc. pasta española |
||
| 999 |
_c168031 _d168031 |
||